000 00479nam a2200169 i 4500
001 142974
003 ES-MaACL
005 20230906200659.0
007 t|
008 071011s2006 sp ||||1| spa d
100 1 _aVidaurrázaga, J. Angel.
_9114543
245 1 3 _aEl diagnóstico por el iris /
_cJ. Angel Vidaurrázaga.
260 _a[Bilbao :
_bJesús Alvarez,
_c1923]
300 _a228 p. :
_bil. ;
_c24 cm.
650 1 4 _aIridología.
_913899
852 _aES-MaACL
_jB-11388
999 _c142974
_d142974